| 000 | 00460nam a2200157 i 4500 | ||
|---|---|---|---|
| 001 | bg | ||
| 100 | 1 | _aBARBARO, Marek | |
| 245 | 0 |
_aZałożenia organizacyjno-techniczne zmechanizowanej rachunkowości budżetowej w Prezydiach Rad Narodowych / _cMarek Barbaro, Zdzisław Iwaniuk. |
|
| 260 |
_aWarszawa, _c1971. |
||
| 700 | 1 | _aIWANIUK, Zdzisław | |
| 040 | _cBPK | ||
| 041 | _apol | ||
| 080 | _a657 | ||
| 942 | _cKS | ||
| 008 | s pl f |000 0 pol | ||
| 999 |
_c7515 _d7515 |
||
| 856 |
_uhttp://koha.tu.koszalin.pl/cgi-bin/koha/opac-detail.pl?biblionumber=7515 _yKatalog online BPK |
||